[Event "ch-CAN"]
[Site "Toronto CAN"]
[Date "2004.08.26"]
[Round "7"]
[White "Gravel,S"]
[Black "Ivanov,IgorV"]
[Result "0-1"]
[WhiteElo "2256"]
[BlackElo "2438"]

1.c4 e6 2.Nf3 Nf6 3.g3 d5 4.Bg2 c5 5.O-O Nc6 6.b3 Be7 7.e3 O-O 8.Nc3 d4 9.Na4 e5
10.exd4 cxd4 11.d3 h6 12.Re1 Bd6 13.a3 a5 14.c5 Bc7 15.b4 axb4 16.axb4 Nd5
17.Bd2 Ndxb4 18.Nxe5 Nxe5 19.Bxb4 Re8 20.Nb2 Bg4 21.Rxa8 Qxa8 22.f3 Be6 23.Nc4 Nxc4
24.dxc4 Rd8 25.Qd3 Qa4 26.Rb1 Qa2 27.Rc1 Ba5 28.Bxa5 Qxa5 29.f4 Qxc5 30.Bxb7 Rb8
31.Bg2 Rb4 32.Bf1 Bf5 33.Qd2 Rb3 34.Qf2 Re3 35.Rd1 Bg4 36.Rd3 Qb6 37.Qd2 Bf5
38.Rxe3 dxe3 39.Qe2 Bd3 40.c5 Qxc5  0-1

[Event "ch-CAN"]
[Site "Toronto CAN"]
[Date "2004.08.28"]
[Round "8"]
[White "Ivanov,IgorV"]
[Black "Lawson,E"]
[Result "0-1"]
[WhiteElo "2438"]
[BlackElo "2276"]

1.c4 Nf6 2.Nf3 c5 3.g3 b6 4.Bg2 Bb7 5.O-O e6 6.b3 Be7 7.Bb2 a6 8.Nc3 Qc7
9.Rc1 O-O 10.e3 d6 11.d4 Re8 12.d5 exd5 13.cxd5 Bf8 14.Ng5 h6 15.Nge4 Nbd7
16.Nxf6+ Nxf6 17.Na4 b5 18.Bxf6 bxa4 19.Bc3 axb3 20.axb3 Qb6 21.Ra1 g6 22.Qd2 Bg7
23.Bxg7 Kxg7 24.Qc3+ f6 25.Ra4 Reb8 26.Rc1 Bc8 27.Rf4 Qd8 28.Bf1 a5 29.Bd3 Rb4
30.Bc2 Qe7 31.h4 Qe5 32.Qd2 Bd7 33.Qd1 Rh8 34.Rxb4 cxb4 35.h5 gxh5 36.Bb1 Re8
37.Rc7 Re7 38.Ra7 Bg4 39.Rxe7+ Qxe7 40.Qd3 Kf8 41.Kg2 h4 42.Qd4 h5 43.gxh4 Qg7
44.Kf1 Bf3 45.Bd3 f5 46.Qxg7+ Kxg7 47.Ke1 Kf6 48.Kd2 Bxd5 49.Bc2 Bf3 50.Bd3 Ke5
51.Bb5 Bd5 52.f4+ Ke4 53.Bd3+ Kf3 54.Bxf5 Bxb3 55.Bg6 a4 56.f5 a3 57.Kc1 Ba2
58.f6 b3 59.Kd2 b2 60.Bxh5+ Kf2 61.Bg6 Bf7  0-1

[Event "ch-CAN"]
[Site "Toronto CAN"]
[Date "2004.08.29"]
[Round "9"]
[White "MacPhail,J"]
[Black "Ivanov,IgorV"]
[Result "0-1"]
[WhiteElo "2339"]
[BlackElo "2438"]

1.e4 c5 2.Nf3 e6 3.d4 cxd4 4.Nxd4 Nf6 5.Nc3 d6 6.Be3 a6 7.g4 e5 8.Nf5 g6
9.g5 gxf5 10.exf5 d5 11.Qf3 d4 12.O-O-O Nbd7 13.Bd2 dxc3 14.Bxc3 Qb6 15.Bg2 Bb4
16.gxf6 Bxc3 17.Qxc3 Qxf6 18.Be4 O-O 19.Qc7 Kh8 20.Rhg1 Re8 21.Rg3 Qe7 22.f3 Nf6
23.Qb6 a5 24.Rdg1 Ra6 25.Qe3 Rg8 26.Qh6 Ng4 27.Qh5 Rh6 28.Rxg4 Rxg4 29.Qxg4 Rg6
30.fxg6 Bxg4 31.gxf7 Qxf7 32.Rxg4 Qxa2 33.b3 b5 34.Rh4 a4 35.Rxh7+ Kg8 36.bxa4 Qa1+
37.Kd2 bxa4 38.Rd7 Kf8 39.Rd3 a3 40.Bd5 a2 41.Bxa2 Qxa2 42.Re3 Qd5+ 43.Ke2 Kf7
44.Re4 Kf6 45.h4 Qa2 46.Kf2 Qxc2+ 47.Re2 Qf5 48.Kg2 Qg6+ 49.Kf2 Qb1 50.Kg2 Qd1
51.Re4 Kf5 52.Kf2 Qh1 53.Rg4 Kf6 54.Ke2 Qh2+ 55.Kf1 Kf5 56.Ke1 e4 57.Rxe4 Qg2  0-1

[Event "Far West Open"]
[Site "Reno USA"]
[Date "2005.03.19"]
[Round "3"]
[White "Ivanov,IgorV"]
[Black "Kudrin,S"]
[Result "1/2-1/2"]
[WhiteElo "2406"]
[BlackElo "2534"]

1.Nf3 c5 2.c3 Nf6 3.d4 e6 4.e3 b6 5.Nbd2 Bb7 6.Bd3 cxd4 7.cxd4 Qc8 8.O-O Ba6
9.Bxa6 Qxa6 10.Ne5 Nc6 11.Nxc6 dxc6 12.Qf3 Rc8 13.Ne4 Be7 14.Bd2 O-O 15.Rfc1 Qd3
16.Nxf6+ Bxf6 17.Bc3 Rfd8 18.Qd1 Qb5 19.Qf1 Qxf1+ 20.Kxf1 Kf8 21.Rc2 Ke7
22.Rac1 Kd7 23.Ke2 Re8 24.Rd1 Kc7 25.g4 Kb7 26.f4 Red8 27.Bb4 h6 28.Rdc1 Rd7
29.Be1 a5 30.a4 Be7 31.h4  1/2-1/2

[Event "National Open"]
[Site "Las Vegas USA"]
[Date "2005.06.11"]
[Round "4"]
[White "Santalla,A"]
[Black "Ivanov,IgorV"]
[Result "1-0"]
[WhiteElo "2075"]
[BlackElo "2407"]

1.e4 g6 2.d4 Bg7 3.Nc3 c6 4.Be3 d5 5.f3 Qb6 6.Qd2 Qxb2 7.Rb1 Qa3 8.exd5 Nf6
9.dxc6 bxc6 10.Bc4 Nbd7 11.Nge2 O-O 12.Bh6 Nb6 13.Bxg7 Kxg7 14.Bd3 Ba6 15.Rb3 Qa5
16.Bxa6 Qxa6 17.h4 h5 18.Qg5 Nbd5 19.g4 hxg4 20.fxg4 Qc8 21.Rg1 Qe6 22.Nxd5 cxd5
23.Re3 Ne4 24.Qf4 Rfc8 25.c3 Rab8 26.Kf1 Rb2 27.a3 Rc6 28.g5 Ra6 29.c4 f5
30.c5 Ra4 31.h5 Rc4 32.hxg6 Rcc2 33.Rh1 Rxe2 34.Rh7+ Kxg6 35.Rh6+ Kf7 36.Rxe6 Rf2+
37.Qxf2 Rxf2+ 38.Ke1 Rc2 39.Ra6 Nxg5 40.Rxa7 Ne4 41.Rh3 Rc4 42.Rh7+ Kf6 43.Raxe7 Rxd4
44.Rhf7+ Kg5 45.Re5  1-0

[Event "US Open"]
[Site "Phoenix USA"]
[Date "2005.08.13"]
[Round "8"]
[White "Ivanov,IgorV"]
[Black "Becerra Rivero,J"]
[Result "1/2-1/2"]
[WhiteElo "2407"]
[BlackElo "2559"]

1.d4 d5 2.c4 c6 3.Nc3 Nf6 4.Nf3 Bf5 5.cxd5 cxd5 6.Bf4 Nc6 7.e3 e6 8.Qb3 Bb4
9.Bb5 O-O 10.Bxc6 Bxc3+ 11.Qxc3 Rc8 12.Ne5 Ng4 13.Nxg4 Bxg4 14.O-O Rxc6 15.Qa3 Qb6
16.Rfc1 Rfc8 17.Rxc6 Rxc6 18.h3 Bf5 19.b3 h6 20.Rc1 Qa6 21.Qb2 Bg6 22.Rxc6 Qxc6
23.Qa3 a6 24.Qc5 Qxc5 25.dxc5 f6 26.Bd6 Kf7 27.f4 Bb1 28.a3 g5 29.g4 Kg6
30.b4 Bc2 31.Kf2 h5 32.Bc7 Bd1 33.fxg5 Kxg5 34.gxh5 Kxh5 35.Ke1 Ba4 36.Kd2 Kh4
37.Bd8 Kxh3 38.Bxf6 Kg4 39.e4 dxe4 40.Bd4 Kf4 41.Be3+ Ke5 42.Bh6 Kd5 43.Kc3 e5
44.Bc1 Bb5 45.Bg5 Bd3 46.a4 a5 47.Be3 axb4+ 48.Kxb4  1/2-1/2